01368nam a2200277 a 450000100100000000500170001000800410002702000150006804000250008308200190010810000490012724500550017626000300023130000210026159000260028260000490030860000660035765000410042365000280046465000320049291000370052495201820056195202010074395201290094499900170107300004528120231019124540.0150224s2002 cl r 000 f spa d a9580470162 aDO-SdBNPbspacBNPHU aC863.44bG216v aGARCÍA MARQUEZ, GABRIEL,d1927-201497330410aVivir para contarla /cGabriel García Márquez. aBogotá :bNorma,c2002. a579 p. ;c24 cm. aInventariado, 2018/BT 0aGARCÍA MARQUEZ, GABRIEL,d1927-201497330414aGARCÍA MARQUEZ, GABRIEL,y1928-xINFANCIA Y JUVENTUD973305 4aAutores colombianosySIGLO XX973306 4aNovela colombiana91243 4aLiteratura colombiana91244 aValidado. Control de calidad.MFF 001050718MOaGRbGRcHDd2015-02-24iLF1l0oC863.44 G216vp45281-10r2020-06-25w2020-06-25y1zPerteneció a la biblioteca personal del Dr. Guaroa Ginebra H.ZNo se presta 001050718MOaGRbGRcHDd2015-06-23iLF1l0oC863.44 G216vp45281-20r2020-06-25te. 2w2020-06-25y1zPerteneció a la biblioteca personal de Chiqui Vicioso / Fidelio Despradel.ZNo se presta 001054708MOaGRbGRcHDd2018-08-28iLF1l0oC863.44 G216vp45281-30r2020-06-25te. 3w2020-06-25y4ZPréstamo en sala c44770d44770